<?xml version="1.0" encoding="UTF-8"?>
<record
    xmlns:xsi="http://www.w3.org/2001/XMLSchema-instance"
    xsi:schemaLocation="http://www.loc.gov/MARC21/slim http://www.loc.gov/standards/marcxml/schema/MARC21slim.xsd"
    xmlns="http://www.loc.gov/MARC21/slim">

  <leader>03773njm a2200541Ia 4500</leader>
  <controlfield tag="001">27449</controlfield>
  <controlfield tag="003">IT-RoPAU</controlfield>
  <controlfield tag="005">20220918181203.0</controlfield>
  <controlfield tag="008">131025s9999    xx            000 0 und d</controlfield>
  <datafield tag="040" ind1=" " ind2=" ">
    <subfield code="a">IT-RoPAU</subfield>
  </datafield>
  <datafield tag="040" ind1=" " ind2=" ">
    <subfield code="c">IT-RoPAU</subfield>
  </datafield>
  <datafield tag="041" ind1=" " ind2=" ">
    <subfield code="a">ITALIANO</subfield>
  </datafield>
  <datafield tag="999" ind1=" " ind2=" ">
    <subfield code="c">103149</subfield>
    <subfield code="d">103149</subfield>
  </datafield>
  <datafield tag="999" ind1=" " ind2=" ">
    <subfield code="b">n.d.</subfield>
  </datafield>
  <datafield tag="100" ind1=" " ind2=" ">
    <subfield code="a">AA.VV.</subfield>
    <subfield code="9">794</subfield>
  </datafield>
  <datafield tag="100" ind1=" " ind2=" ">
    <subfield code="e">Autore musica</subfield>
    <subfield code="9">18114</subfield>
  </datafield>
  <datafield tag="100" ind1=" " ind2=" ">
    <subfield code="g">Codice autore musica SPICS: 12000</subfield>
    <subfield code="9">796</subfield>
  </datafield>
  <datafield tag="245" ind1=" " ind2=" ">
    <subfield code="a">Sette voci con l'orchestra Ruthuard e il coro "Le Voci"</subfield>
  </datafield>
  <datafield tag="250" ind1=" " ind2=" ">
    <subfield code="a">1a ed.</subfield>
  </datafield>
  <datafield tag="260" ind1=" " ind2=" ">
    <subfield code="a">ROMA</subfield>
  </datafield>
  <datafield tag="260" ind1=" " ind2=" ">
    <subfield code="b">CARILLO RECORDS</subfield>
  </datafield>
  <datafield tag="300" ind1=" " ind2=" ">
    <subfield code="a">DISCO</subfield>
  </datafield>
  <datafield tag="300" ind1=" " ind2=" ">
    <subfield code="c">40 minuti (Testo:  pag.)</subfield>
  </datafield>
  <datafield tag="500" ind1=" " ind2=" ">
    <subfield code="a">Canzoni</subfield>
  </datafield>
  <datafield tag="505" ind1=" " ind2=" ">
    <subfield code="a">Non ditemi (3:00) -Ho tanto freddo [(De Marzi Mino) (3:00)] - Una cosa da niente (3:00) - Una lacrima nel pugno [(Rondi Pino) (3:00)] - E' difficile la prima volta [(Gordon Emile) (3:00)] - Ogni donna che ama [(Grison Grazia) (3:00)] - Violino mendicante [(Belmonte Roberto) (3:00)] - C'&#xE8; un bar che deve chiudere (3:00) - L'ultima foglia [(Gordon Emile) (4:00)] - Disco di ferragosto (3:00) - Qualcosa c'&#xE8; fra di noi [(De Marzi Mino) (3:00)] - La sua bocca [(Grison Grazia) (3:00)] - Che male c'&#xE8; [(Gordon Emile) (4:00)] - Ti ringrazio (3:00)</subfield>
  </datafield>
  <datafield tag="511" ind1=" " ind2=" ">
    <subfield code="a">Orchestra Ruthuard, Coro le Voci diretti da Brancucci E.</subfield>
  </datafield>
  <datafield tag="511" ind1=" " ind2=" ">
    <subfield code="a">Orchestra Ruthuard diretta da Brancucci E.</subfield>
  </datafield>
  <datafield tag="650" ind1=" " ind2=" ">
    <subfield code="a">CANZONE [DISCHI]</subfield>
    <subfield code="e">Codice MATERIA SPICS: 9950</subfield>
    <subfield code="9">920</subfield>
  </datafield>
  <datafield tag="700" ind1=" " ind2=" ">
    <subfield code="a">Surace D.</subfield>
    <subfield code="d">Codice autore musica SPICS: 22538</subfield>
    <subfield code="e">Autore musica</subfield>
    <subfield code="p">Non ditemi - Una cosa da niente - E' difficile la prima volta - Qualcosa c'&#xE8; fra di noi - Che male c'&#xE8;</subfield>
    <subfield code="9">18115</subfield>
  </datafield>
  <datafield tag="700" ind1=" " ind2=" ">
    <subfield code="a">Gambina</subfield>
    <subfield code="d">Codice autore testo/musica SPICS: 24166</subfield>
    <subfield code="e">Autore testo/musica</subfield>
    <subfield code="p">Non ditemi</subfield>
    <subfield code="9">18116</subfield>
  </datafield>
  <datafield tag="700" ind1=" " ind2=" ">
    <subfield code="a">Ruthuard</subfield>
    <subfield code="d">Codice autore musica SPICS: 11133</subfield>
    <subfield code="e">Autore musica</subfield>
    <subfield code="p">Ho tanto freddo - Ogni donna che ama - L'ultima foglia - La sua bocca</subfield>
    <subfield code="9">18117</subfield>
  </datafield>
  <datafield tag="700" ind1=" " ind2=" ">
    <subfield code="a">Zorzetto</subfield>
    <subfield code="d">Codice autore testo/musica SPICS: 28302</subfield>
    <subfield code="e">Autore testo/musica</subfield>
    <subfield code="p">Ho tanto freddo</subfield>
    <subfield code="9">18118</subfield>
  </datafield>
  <datafield tag="700" ind1=" " ind2=" ">
    <subfield code="a">Monti Elvio</subfield>
    <subfield code="d">Codice autore SPICS: 11030</subfield>
    <subfield code="e">Autore</subfield>
    <subfield code="p">Una cosa da niente - C'&#xE8; un bar che deve chiudere - Disco di ferragosto - Ti ringrazio</subfield>
    <subfield code="9">18119</subfield>
  </datafield>
  <datafield tag="700" ind1=" " ind2=" ">
    <subfield code="a">Vuolo D.</subfield>
    <subfield code="d">Codice autore testo/musica SPICS: 28278</subfield>
    <subfield code="e">Autore testo/musica</subfield>
    <subfield code="p">Una cosa da niente</subfield>
    <subfield code="9">18120</subfield>
  </datafield>
  <datafield tag="700" ind1=" " ind2=" ">
    <subfield code="a">Damele</subfield>
    <subfield code="d">Codice autore musica SPICS: 24141</subfield>
    <subfield code="e">Autore musica</subfield>
    <subfield code="p">Una lacrima nel pugno - Violino mendicante - Ti ringrazio</subfield>
    <subfield code="9">18121</subfield>
  </datafield>
  <datafield tag="700" ind1=" " ind2=" ">
    <subfield code="a">Palma</subfield>
    <subfield code="d">Codice autore testo/musica SPICS: 28282</subfield>
    <subfield code="e">Autore testo/musica</subfield>
    <subfield code="p">Una lacrima nel pugno</subfield>
    <subfield code="9">18122</subfield>
  </datafield>
  <datafield tag="700" ind1=" " ind2=" ">
    <subfield code="a">Vanossi</subfield>
    <subfield code="d">Codice autore testo/musica SPICS: 28305</subfield>
    <subfield code="e">Autore testo/musica</subfield>
    <subfield code="p">E' difficile la prima volta</subfield>
    <subfield code="9">18123</subfield>
  </datafield>
  <datafield tag="700" ind1=" " ind2=" ">
    <subfield code="a">Pelleus</subfield>
    <subfield code="d">Codice autore musica SPICS: 24144</subfield>
    <subfield code="e">Autore musica</subfield>
    <subfield code="p">Ogni donna che ama - L'ultima foglia</subfield>
    <subfield code="9">18124</subfield>
  </datafield>
  <datafield tag="700" ind1=" " ind2=" ">
    <subfield code="a">Fontana Jimmy</subfield>
    <subfield code="d">Codice autore testo/musica SPICS: 10905</subfield>
    <subfield code="e">Autore testo/musica</subfield>
    <subfield code="p">Ogni donna che ama</subfield>
    <subfield code="9">18125</subfield>
  </datafield>
  <datafield tag="700" ind1=" " ind2=" ">
    <subfield code="a">Vulpis</subfield>
    <subfield code="d">Codice autore testo/musica SPICS: 28308</subfield>
    <subfield code="e">Autore testo/musica</subfield>
    <subfield code="p">Violino mendicante</subfield>
    <subfield code="9">18126</subfield>
  </datafield>
  <datafield tag="700" ind1=" " ind2=" ">
    <subfield code="a">Marangoni Matteo</subfield>
    <subfield code="d">Codice autore testo/musica SPICS: 2024</subfield>
    <subfield code="e">Autore musica</subfield>
    <subfield code="p">C'&#xE8; un bar che deve chiudere</subfield>
    <subfield code="9">18127</subfield>
  </datafield>
  <datafield tag="700" ind1=" " ind2=" ">
    <subfield code="a">Leone</subfield>
    <subfield code="d">Codice autore testo/musica SPICS: 28287</subfield>
    <subfield code="e">Autore testo/musica</subfield>
    <subfield code="p">L'ultima foglia</subfield>
    <subfield code="9">18128</subfield>
  </datafield>
  <datafield tag="700" ind1=" " ind2=" ">
    <subfield code="a">Mingozzi Gianfranco</subfield>
    <subfield code="d">Codice autore testo/musica SPICS: 6973</subfield>
    <subfield code="e">Autore testo/musica</subfield>
    <subfield code="p">Disco di ferragosto</subfield>
    <subfield code="9">18129</subfield>
  </datafield>
  <datafield tag="700" ind1=" " ind2=" ">
    <subfield code="a">Basso Anna</subfield>
    <subfield code="d">Codice autore testo/musica SPICS: 12650</subfield>
    <subfield code="e">Autore testo/musica</subfield>
    <subfield code="p">Qualcosa c'&#xE8; fra di noi</subfield>
    <subfield code="9">18130</subfield>
  </datafield>
  <datafield tag="700" ind1=" " ind2=" ">
    <subfield code="a">Potieri</subfield>
    <subfield code="d">Codice autore testo/musica SPICS: 28283</subfield>
    <subfield code="e">Autore testo/musica</subfield>
    <subfield code="p">La sua bocca</subfield>
    <subfield code="9">18131</subfield>
  </datafield>
  <datafield tag="700" ind1=" " ind2=" ">
    <subfield code="a">Terruzzi</subfield>
    <subfield code="d">Codice autore testo/musica SPICS: 24616</subfield>
    <subfield code="e">Autore testo/musica</subfield>
    <subfield code="p">Che male c'&#xE8;</subfield>
    <subfield code="9">18132</subfield>
  </datafield>
  <datafield tag="700" ind1=" " ind2=" ">
    <subfield code="a">Russo</subfield>
    <subfield code="d">Codice autore testo/musica SPICS: 28311</subfield>
    <subfield code="e">Autore testo/musica</subfield>
    <subfield code="p">Ti ringrazio</subfield>
    <subfield code="9">18133</subfield>
  </datafield>
  <datafield tag="942" ind1=" " ind2=" ">
    <subfield code="c">MD</subfield>
    <subfield code="2">ddc</subfield>
  </datafield>
  <datafield tag="952" ind1=" " ind2=" ">
    <subfield code="0">0</subfield>
    <subfield code="1">0</subfield>
    <subfield code="4">0</subfield>
    <subfield code="6">27449_000000000000000</subfield>
    <subfield code="7">1</subfield>
    <subfield code="a">SPICS</subfield>
    <subfield code="b">SPICS</subfield>
    <subfield code="d">2013-10-25</subfield>
    <subfield code="l">0</subfield>
    <subfield code="o">27449</subfield>
    <subfield code="r">2013-10-25 00:00:00</subfield>
    <subfield code="w">2013-10-25</subfield>
    <subfield code="y">MD</subfield>
    <subfield code="z">Progr. Ins.: 7006 / N.Vol.: 1 / Copie: 1 - Copia rara: n.d. / date import: 01.01.2014 - By Epidotti, Trombetti, Vaglietti</subfield>
  </datafield>
</record>
